[Event "FRA-chT U20 Top"]
[Site "Bischwiller"]
[Date "2016.05.15"]
[Round "2"]
[White "Gestin, Arthur"]
[Black "Jamalov, Adam"]
[Result "1-0"]
[WhiteElo "1528"]
[BlackElo "1641"]
[PlyCount "75"]
[EventDate "2016.05.14"]
[EventType "tourn"]
[EventRounds "11"]
[EventCountry "FRA"]
[SourceTitle "EXT 2019"]
[Source "ChessBase"]
[SourceDate "2018.10.10"]
[SourceVersion "1"]
[SourceVersionDate "2018.10.10"]
[SourceQuality "1"]

1. d4 d5 2. Nf3 Nf6 3. e3 c6 4. Bd3 e6 5. b3 Bd6 6. Bb2 Nbd7 7. Ne5 Qc7 8. f4 b6 9. 0-0 Bb7 10. Nd2 a6 11. Rc1 h5 12. c4 Bxe5 13. fxe5 Ng4 14. Qf3 f5 15. Qf4 Qd8 16. Nf3 Nf8 17. h3 Nh6 18. Qg3 Qd7 19. Ba3 Rg8 20. Qh4 Nf7 21. Nh2 g6 22. g4 hxg4 23. hxg4 Rh8 24. Qf6 Nh7 25. Qxg6 Nhg5 26. gxf5 c5 27. fxe6 Nxe6 28. Bf5 Rh6 29. Qg4 Qe7 30. Nf3 Kd7 31. cxd5 Bxd5 32. e4 Rg8 33. Qxg8 Bb7 34. d5 Rh8 35. Bxe6+ Kc7 36. d6+ Nxd6 37. exd6+ Qxd6 38. Qxh8 1-0

[Event "Kislovodsk Narzan op"]
[Site "Kislovodsk"]
[Date "2015.08.09"]
[Round "9"]
[White "Jamalov, Adam"]
[Black "Khotenko, Daniil"]
[Result "1-0"]
[WhiteElo "1510"]
[BlackElo "1723"]
[PlyCount "55"]
[EventDate "2015.08.01"]
[EventType "swiss"]
[EventRounds "9"]
[EventCountry "RUS"]
[SourceTitle "EXT 2016"]
[Source "ChessBase"]
[SourceDate "2015.10.08"]
[SourceVersion "1"]
[SourceVersionDate "2015.10.08"]
[SourceQuality "1"]

1. d4 d5 2. Nf3 Nf6 3. Bf4 Bf5 4. e3 e6 5. c3 Bd6 6. Ne5 Bxe5 7. Bxe5 0-0 8. Be2 Nc6 9. Bf4 Kh8 10. Nd2 Rg8 11. Nf3 Be4 12. Ng5 Qe7 13. f3 Bg6 14. Bd3 Bxd3 15. Qxd3 a5 16. Be5 g6 17. h4 h5 18. g4 Kg7 19. gxh5 gxh5 20. Qh7+ Kf8 21. Qh6+ Ke8 22. Bxf6 Qd6 23. Qh7 Qg3+ 24. Kd2 Qf2+ 25. Kd3 Kd7 26. Qxf7+ Kd6 27. Be7+ Nxe7 28. Qxe6# 1-0

[Event "Kislovodsk Narzan op"]
[Site "Kislovodsk"]
[Date "2015.08.09"]
[Round "9"]
[White "Karapetyan, Gegart"]
[Black "Jamalov, Adam"]
[Result "0-1"]
[WhiteElo "1648"]
[BlackElo "1510"]
[PlyCount "41"]
[EventDate "2015.08.01"]
[EventType "swiss"]
[EventRounds "9"]
[EventCountry "RUS"]
[SourceTitle "EXT 2016"]
[Source "ChessBase"]
[SourceDate "2015.10.08"]
[SourceVersion "1"]
[SourceVersionDate "2015.10.08"]
[SourceQuality "1"]

1. d4 d5 2. e3 Nf6 3. Nd2 e6 4. Ngf3 Bd6 5. Bd3 0-0 6. 0-0 Re8 7. Ne5 Nbd7 8. Nxd7 Nxd7 9. f4 f5 10. Qe2 Rf8 11. Nf3 Rf6 12. g4 fxg4 13. Ne5 h5 14. Bd2 Rh6 15. Be1 c5 16. c3 Bxe5 17. dxe5 Nf8 18. Rd1 Ng6 19. Bxg6 Rxg6 20. Qf2 Rh6 21. Qh4 0-1